College Quizbowl Stats
College Quizbowl Stats
Circuits
Seasons
Sets
Records
Detailed Stats
About
Loading...
2024 ESPN @ Duke
Tossups
Bonuses
Players
Teams
Categories (Tossup)
Categories (Bonus)
Diego Almaraz
UNC Hunny
Categories
Category
Powers
Gets
Negs
BBs
Points
Earliest Buzz
Avg. Buzz
First Buzzes
Top 3 Buzzes
History - European History
0
3
0
0
30
95
104.33
2
3
History - World History
1
1
0
0
25
78
92.00
2
2
Current Events
1
0
0
0
15
50
50.00
1
1
Geography
0
0
1
0
-5
0.00
0
0
Religion
0
0
1
0
-5
0.00
0
0
Buzzes
Category
Answer
Value
Buzz Position
Current Events
Guatemala
15
50
Geography
Luzon
-5
75
History - World History
Sonora
15
78
History - European History
Germans
10
95
History - European History
1930s
10
104
History - World History
Japan
10
106
Religion
Vietnam
-5
113
History - European History
the Netherlands
10
114
Previous
1
Next